LEADER 00899nas a2200193 i 4500 001 000000014829 003 CaOOAMICUS 005 20180830125442.0 008 180830n it u0 ita u 040 $aSeMil$bita 245 10$aBiblioteca di scrittori italiani /$cdiretta da Dante Isella e Giovanni Pozzi. 260 $aParma :$bGuanda,$c[198.] 300 $av. ;$c20 cm. 700 1 $aIsella, Dante ,$d<1922-2007>.$0(OLS)http://semarc/name/1198 700 1 $aPozzi, Giovanni,$c.$0(OLS)http://semarc/name/6939 774 0 $aVillani, Giovanni <1280?-1348>$tNuova cronica.$d[S.l.] : Fondazione Pietro Bembo, [199?]$w()16115 774 0 $aFrugoni, Francesco Fulvio$tTribunal della critica.$d[S.l.] : Fondazione Pietro Bembo, 2001.$w()17524 996 $6245$aBiblioteca di scrittori italiani$9(OLS)http://semarc/title/19647 996 $6260$aParma :$bGuanda$9(OLS)http://semarc/publisher/31392 LEADER 01287nam a2200253 i 4500 001 000000128722 003 CaOOAMICUS 005 20070709000000.0 008 070709s2001 it u000 u ita u 013 $a101450 020 $a88-7799-867-9 040 $aSeMil$bita 245 10$aVigilando il lavoro dell'orologio :$blaboratorio di lettura e scrittura creativa presso la Casa di reclusione Milano Opera /$cA cura di Silvana Ceruti. 260 $aMilano :$bTempo Libero,$cCopyr. 2001. 300 $a141 p. ;$c20 cm. 500 $aContiene : I lavori poetici frutto del Laboratorio di lettura e scrittura creativa. - In mezzo al front. : Centro Europeo Teatro e Carcere. - In preliminari : Firme autografe. - Fondo card. C.M. Martini. 700 1 $aCeruti, Silvana.$0(OLS)http://semarc/name/40102 850 $aSeMil 852 $aSeMil$W1$xVenegono$y1$m1O II 87$j82934$B82934$CSeMilBibl$Z2$F125047 $81 941 1 $a4 961 $aOmaggio: Martini Card. Carlo Maria 996 $6020$a88-7799-867-9$9(OLS)http://semarc/number/115387 996 $6245$aVigilando il lavoro dell'orologio :$blaboratorio di lettura e scrittura creativa presso la Casa di reclusione Milano Opera$9(OLS)http://semarc/title/190253 996 $6260$aMilano :$bTempo Libero$9(OLS)http://semarc/publisher/46590